000 00844nam a2200289Ia 4500
005 20260324131125.0
008 008 260324s9999 xx 000 0 eng d
020 _a9781315793184
037 _aEBOOK
040 _aCRL
040 _beng
040 _cCRL
041 _2eng
041 _aeng
084 _qCRL
100 _aQicheng Jing; Mark R. Rosenzweig; Gery d'Ydewalle; Houcan Zhang; Hsuan-Chih Chen; Kan Zhang
_91184304
245 0 _aProgress in Psychological Science Around the World. Volume 2: Social and Applied Issues
245 0 _bProceedings of the 28th International Congress of Psychology
260 _bTaylor and Francis
260 _c2006
365 _a
365 _b230
856 _uhttp://www.taylorfrancis.com/books/9781315793184
942 _cEBOOK
999 _c1781194
_d1781194